MARC

LEADER 00000nam0a2200000 4500
001 247125
005 20231101232255.0
035 |a (RuTPU)RU\TPU\book\268598 
035 |a RU\TPU\book\81774 
090 |a 247125 
100 |a 20131217d1968 k y0rusy50 ca 
101 0 |a rus  |c rus 
102 |a RU 
105 |a a z 001zy 
200 1 |a Релятивистская квантовая теория  |h Ч. 1  |f В. Б. Берестецкий, Е. М. Лифшиц, Л. П. Питаевский 
210 |a Москва  |c Наука  |d 1968 
215 |a 480 с.  |c ил. 
225 1 |a Теоретическая физика  |v Т. 4  |f Л. Д. Ландау, Е. М. Лифшиц 
320 |a Предметный указатель: с. 478-480 
453 1 |0 (RuTPU)RU\TPU\book\130178  |t Релятивистская квантовая теория  |h Ч. 1  |f В. Б. Берестецкий, Е. М. Лифшиц, Л. П. Питаевский  |c Москва  |n Мир  |d 1972  |p 516 с.  |s Теоретическая физика ; Т. 4  |a Берестецкий, Владимир Борисович 
606 1 |a Квантовая механика, релятивистская  |2 stltpush  |3 (RuTPU)RU\TPU\subj\70443  |9 84704 
610 1 |a фотон 
610 1 |a бозоны 
610 1 |a фермионы 
610 1 |a уравнение Дирака 
610 1 |a движение 
610 1 |a рассеяние 
610 1 |a свет 
610 1 |a излучение 
610 1 |a матрица 
610 1 |a теория возмущений 
610 1 |a электроны 
610 1 |a взаимодействие 
675 |a 530.145.6  |v 3 
700 1 |a Берестецкий  |b В. Б.  |g Владимир Борисович 
701 1 |a Лифшиц  |b Е. М.  |c российский физик  |f 1915-1985  |g Евгений Михайлович  |2 stltpush  |3 (RuTPU)RU\TPU\pers\23254 
701 1 |a Питаевский  |b Л. П.  |g Лев Петрович 
801 1 |a RU  |b 63413507  |c 20050419  |g PSBO 
801 2 |a RU  |b 63413507  |c 20201106  |g PSBO 
942 |c BK